Pablo picasso en tres revisiones /
Guardado en:
| Autor Principal: | |
|---|---|
| Formato: | Libro |
| Publicado: |
Madrid :
Aguilar, 0
|
| Materias: | |
| Etiquetas: |
Agregar Etiqueta
Sin Etiquetas, Sea el primero en etiquetar este registro!
|
| LEADER | 00486nam a22001815a 4500 | ||
|---|---|---|---|
| 001 | CEM.cems001906 | ||
| 005 | 20060215000000.0 | ||
| 008 | 130507b######################000#0#####d | ||
| 003 | CEMS | ||
| 082 | 0 | 4 | |a 927 |
| 100 | 1 | |a Dors, Eugenio | |
| 245 | 1 | 0 | |a Pablo picasso en tres revisiones / |
| 260 | |a Madrid : |b Aguilar, 0 | ||
| 300 | |a 268 | ||
| 653 | |a Biografias | ||
| 653 | |a Picasso, pablo-biograf. | ||
| 653 | |a Pintura española | ||
| 859 | |a CEMS |b BIB. CEMS - 11 de abril |h 927 |i P58D |p 5622.76 |t Ej.1 | ||
